000 00973nam a2200229 a 4500
001 63071
003 BD-RjUL
005 20211209081145.0
008 170128s2004 bg ||||| |||| 00| 0 ben d
020 _a9840609084
_c: Tk.60.00
035 _a(BD-RjUL)63199
040 _aBD-RjUL
_bben
_cBD-RjUL
_dBD-RjUL
041 _aben
082 _223
_a891.44209
_bHAD 2004
100 _aহক, শামসুল
_9187646
245 1 0 _aদ্বিজেন্দ্রলাল রায় রচিত বাংলা ঐতিহাসিক নাটকে মুসলিম চরিত ও প্রসঙ্গ /
_cশামসুল হক
260 _aঢাকা :
_bইসলামী ফাউন্ডেশন,
_c২০০৪.
300 _a২২৭ পৃ. ;
_c২৩ সেমি.
650 _aবাংলা নাটক
_vইতিহাস ও সমালোচনা
_9182715
650 _aBengali Drama
_vHistory and Criticism
_9187647
942 _2ddc
_cBK
999 _c63071
_d63071